<?xml version="1.0" encoding="UTF-8"?><?xml-stylesheet type="text/xsl" href="static/style.xsl"?><OAI-PMH xmlns="http://www.openarchives.org/OAI/2.0/" xmlns:xsi="http://www.w3.org/2001/XMLSchema-instance" xsi:schemaLocation="http://www.openarchives.org/OAI/2.0/ http://www.openarchives.org/OAI/2.0/OAI-PMH.xsd"><responseDate>2026-06-02T02:03:38Z</responseDate><request verb="GetRecord" identifier="oai:riuma.uma.es:10630/8012" metadataPrefix="marc">https://riuma.uma.es/rest/oai/request</request><GetRecord><record><header><identifier>oai:riuma.uma.es:10630/8012</identifier><datestamp>2026-02-03T11:19:02Z</datestamp><setSpec>com_10630_2254</setSpec><setSpec>col_10630_37953</setSpec></header><metadata><record xmlns="http://www.loc.gov/MARC21/slim" xmlns:dcterms="http://purl.org/dc/terms/" xmlns:doc="http://www.lyncode.com/xoai" xmlns:xsi="http://www.w3.org/2001/XMLSchema-instance" xsi:schemaLocation="http://www.loc.gov/MARC21/slim http://www.loc.gov/standards/marcxml/schema/MARC21slim.xsd">
   <leader>00925njm 22002777a 4500</leader>
   <datafield ind2=" " ind1=" " tag="042">
      <subfield code="a">dc</subfield>
   </datafield>
   <datafield ind2=" " ind1=" " tag="720">
      <subfield code="a">Cebrián-de-la-Serna, Manuel</subfield>
      <subfield code="e">author</subfield>
   </datafield>
   <datafield ind2=" " ind1=" " tag="720">
      <subfield code="a">Serrano-Angulo, José</subfield>
      <subfield code="e">author</subfield>
   </datafield>
   <datafield ind2=" " ind1=" " tag="720">
      <subfield code="a">Ruiz-Torres, Mayerly Zulay</subfield>
      <subfield code="e">author</subfield>
   </datafield>
   <datafield ind2=" " ind1=" " tag="260">
      <subfield code="c">2014-07-01</subfield>
   </datafield>
   <datafield ind2=" " ind1=" " tag="520">
      <subfield code="a">El trabajo cooperativo mediante tareas y proyectos en equipo es una de las metodologías más generalizadas en educación para&#xd;
lograr las competencias de aprendizaje. Estas metodologías están teniendo cada vez mayor aceptación en la enseñanza universitaria,&#xd;
a pesar de la dificultad de conocer los aprendizajes individuales producidos en cada uno de sus miembros. Este artículo&#xd;
muestra los resultados de un proyecto de I+D+i cuyo objetivo general consiste en «Analizar el impacto de las eRúbricas –rúbricas&#xd;
electrónicas– en la evaluación de los aprendizajes universitarios en sus diferentes modalidades», y pretende mostrar el alcance de&#xd;
esta herramienta para mejorar el aprendizaje de las competencias o habilidades cooperativas, producto del trabajo en equipo y&#xd;
la evaluación cooperativa de tareas en el laboratorio. La experiencia se desarrolla con tres grupos elegidos (205 estudiantes) de&#xd;
un total de seis grupos de estudiantes de 1º del grado de Primaria en el curso 2011-12. De los tres grupos, uno actúa como grupo&#xd;
de control y los otros dos como grupos experimentales en los que se han utilizado eRúbricas. Se observan diferencias en las notas&#xd;
de una prueba escrita común a todos, con mejores resultados en los grupos con eRúbrica. Además, se realiza un análisis cualitativo&#xd;
categorizando las respuestas dadas por los estudiantes del grupo de control sobre los criterios de evaluación que éstos utilizan,&#xd;
para ver las coincidencias con los criterios de las eRúbricas usadas en los grupos experimentales.</subfield>
   </datafield>
   <datafield ind1="8" ind2=" " tag="024">
      <subfield code="a">Comunicar,n.43, 2014, pp. 153-161</subfield>
   </datafield>
   <datafield ind1="8" ind2=" " tag="024">
      <subfield code="a">1134-3478</subfield>
   </datafield>
   <datafield ind1="8" ind2=" " tag="024">
      <subfield code="a">DOI: http://dx.doi.org/10.3916/C43-2014-15</subfield>
   </datafield>
   <datafield ind1="8" ind2=" " tag="024">
      <subfield code="a">http://hdl.handle.net/10630/8012</subfield>
   </datafield>
   <datafield tag="653" ind2=" " ind1=" ">
      <subfield code="a">Enseñanza superior</subfield>
   </datafield>
   <datafield ind2="0" ind1="0" tag="245">
      <subfield code="a">Las eRúbricas en la evaluación cooperativa del aprendizaje en la Universidad</subfield>
   </datafield>
</record>
</metadata></record></GetRecord></OAI-PMH>